[Event "ARG-ch U20"]
[Site "Buenos Aires"]
[Date "2023.02.18"]
[Round "3"]
[White "Paris, Adolfo"]
[Black "Nerpiti, Genaro"]
[Result "1-0"]
[WhiteElo "1793"]
[BlackElo "1009"]
[PlyCount "107"]
[EventDate "2023.02.17"]
[EventType "swiss"]
[EventRounds "9"]
[EventCountry "ARG"]
[SourceTitle "EXT 2024"]
[Source "ChessBase"]
[SourceDate "2023.10.10"]
[SourceVersion "1"]
[SourceVersionDate "2023.10.10"]
[SourceQuality "1"]

1. c4 e5 2. g3 Nf6 3. Bg2 d5 4. cxd5 Nxd5 5. Nc3 Be6 6. Nf3 Nc6 7. 0-0 Be7 8. d4 exd4 9. Nxd4 Nxd4 10. Qxd4 c5 11. Qa4+ Bd7 12. Qb3 Nxc3 13. bxc3 Bc6 14. Bxc6+ bxc6 15. Qb7 Qc8 16. Rb1 Bf6 17. Be3 0-0 18. Bxc5 Re8 19. e3 Bxc3 20. Rfc1 Bf6 21. Bxa7 Re7 22. Qxc8+ Rxc8 23. Bc5 Re6 24. a4 h6 25. a5 Ra8 26. Bb4 Ra6 27. Be1 Bd8 28. Rb8 Rd6 29. Bb4 Rd5 30. Be7 Raxa5 31. Rxd8+ Rxd8 32. Bxd8 Ra6 33. Be7 Kh7 34. Kg2 Kg6 35. Rc5 f6 36. Bd8 Kf7 37. Ra5 Rxa5 38. Bxa5 Ke6 39. Kf3 Kf5 40. e4+ Kg5 41. h3 c5 42. Ke3 f5 43. f4+ Kf6 44. e5+ Ke6 45. Kd3 Kd5 46. Kc3 g6 47. h4 g5 48. h5 g4 49. Bd8 Ke6 50. Kc4 Kd7 51. Bf6 Ke8 52. e6 Kf8 53. e7+ Kf7 54. Kxc5 1-0